Quantitative aptitude for competitive examinations / (Record no. 181707)

MARC details
000 -LEADER
fixed length control field 00509nam a22001577a 4500
005 - DATE AND TIME OF LATEST TRANSACTION
control field 20211004161017.0
010 ## - LCCN (DPL NO)
LC control number EN230921
020 ## - INTERNATIONAL STANDARD BOOK NUMBER
International Standard Book Number 9789352534029
Terms of availability 749.00
037 ## - SOURCE OF ACQUISITION
Source of stock number/acquisition S. Chand
100 ## - MAIN ENTRY--PERSONAL NAME
Personal name Aggarwal, R. S.
245 ## - TITLE STATEMENT
Title Quantitative aptitude for competitive examinations /
Statement of responsibility, etc by R. S. Aggarwal
260 ## - PUBLICATION, DISTRIBUTION, ETC. (IMPRINT)
Place of publication, distribution, etc New Delhi
Name of publisher, distributor, etc S. Chand
Date of publication, distribution, etc 2021
270 ## - ADDRESS
Address Block B-1, House No.D-1, Ground Floor, Mohan Cooperative Industrial Estate
City New Delhi
Postal code 110044
300 ## - PHYSICAL DESCRIPTION
Extent 952p.
Dimensions 26cm(pbk)
942 ## - ADDED ENTRY ELEMENTS (KOHA)
Source of classification or shelving scheme Dewey Decimal Classification
Item type English Books
Call number suffix AGG

No items available.


© Delhi Public Library
Hit Counter
free hit counter